| 000 | 00492nam a2200169 a 4500 | ||
|---|---|---|---|
| 001 | 3511 | ||
| 003 | CDMR | ||
| 005 | 20131107153922.0 | ||
| 008 | 130130s1994||||||||||||||||||||||||||||d | ||
| 040 |
_aCDMR _bcat _cCDMR |
||
| 245 | 0 | 0 |
_aTelecomunicaciones 1994 _b: tendencias : comunicaciones por satélite |
| 260 |
_aMadrid _c1994 _bFundesco |
||
| 490 | 0 | _aInformes anuales de Fundesco | |
| 650 | 0 | 4 |
_94291 _aSatèl·lits artificials en telecomunicació |
| 710 | 2 |
_9385 _aFUNDESCO |
|
| 942 |
_cMON _2udc |
||
| 999 |
_c3511 _d3511 |
||